000 00228nam a2200109Ia 4500
100 _a#N/A
942 _cBK
654 _apro-engineering
245 _aPro-Engineer Wildfire Release 2.0
260 _b#N/A
_c2005
546 _aENGLISH
999 _c20219
_d20219